| 000 | 01479cam a22003014a 4500 | ||
|---|---|---|---|
| 090 | _c0 | ||
| 001 | 13685489 | ||
| 005 | 20050829152931.0 | ||
| 008 | 040812s2005 njua b 001 0 eng | ||
| 010 | _a 2004018971 | ||
| 020 | _a0131293885 | ||
| 040 |
_aDLC _cDLC _dDLC |
||
| 042 | _apcc | ||
| 050 | 0 | 0 |
_aHD30.28 _b.C696 2005 |
| 082 | 0 | 0 |
_a658.4012 _222 _bCOU |
| 100 | 1 | _aCoulter, Mary K. | |
| 245 | 1 | 0 |
_aStrategic Management in Action / _cMary Coulter. |
| 250 |
_a3rd ed. _bInternational Edition. |
||
| 260 |
_aUpper Saddle River, NJ : _bPearson Prentice Hall, _cc2005. |
||
| 300 |
_axv, 350 p. : _bill. ; _c26 cm. |
||
| 504 | _aIncludes bibliographical references and index. | ||
| 505 | 0 | _aIntroducing the concepts -- The context of managing strategically -- Assessing opportunities and threats : doing an external analysis -- Assessing strengths and weaknesses : doing an internal analysis -- Functional strategies -- Competitive strategies -- Corporate strategies -- Strategic management in other organization types. | |
| 650 | 0 | _aStrategic planning. | |
| 856 | 4 | 1 |
_3Table of contents _uhttp://www.loc.gov/catdir/toc/ecip0421/2004018971.html |
| 942 |
_2ddc _cBB |
||
| 999 |
_c10516 _d10516 |
||